[Event "World Cup of Rapid Chess KO"]
[Site "Cannes"]
[Date "2001.03.23"]
[Round "1.6"]
[White "Grischuk, Alexander"]
[Black "Gurevich, Mikhail"]
[Result "1-0"]
[WhiteElo "2663"]
[BlackElo "2694"]
[Annotator "Hecht,H"]
[PlyCount "171"]
[EventDate "2001.03.24"]
[EventType "k.o. (rapid)"]
[EventRounds "3"]
[EventCountry "FRA"]
[SourceTitle "CBM 082"]
[Source "ChessBase"]
[SourceDate "2001.05.17"]
[SourceVersion "1"]
[SourceVersionDate "2001.05.17"]
[SourceQuality "1"]

1. e4 e6 2. d4 d5 3. e5 c5 4. c3 Qb6 5. Nf3 Bd7 6. a3 a5 7. Be2 a4 8. O-O Nc6
9. Bd3 Na5 10. Bc2 Nc4 11. Ra2 Ne7 12. Re1 Nc6 13. Bxa4 N6xe5 14. Bxd7+ Nxd7
15. b3 Nd6 16. c4 dxc4 17. d5 Qxb3 18. dxe6 fxe6 19. Rxe6+ Kd8 20. Rc2 Ra6 21.
Nc3 Nb5 22. Bg5+ Kc7 23. Nd5+ Kb8 24. Rxa6 bxa6 25. Bf4+ Bd6 26. Bxd6+ Nxd6 27.
Ne3 Kc7 28. Nd2 Qd3 29. Qc1 Nb6 30. Ndxc4 Nbxc4 31. Nxc4 Nxc4 32. Rxc4 Rd8 33.
Rxc5+ Kb6 34. Rc6+ Kb7 35. Rc7+ Kb8 36. g3 Qd1+ 37. Kg2 Qxc1 38. Rxc1 {[#]
Achtung, Rapidschach!} Rd3 39. a4 Rd4 40. Re1 Rxa4 41. Re7 Rb4 42. Rxg7 a5 43.
Rxh7 a4 44. Rh5 Kb7 45. h4 Kb6 46. Rh8 Kb7 47. Re8 a3 48. Re2 Rb2 49. Re3 a2
50. Ra3 Kc6 51. g4 (51. h5 $1 Kc5 52. h6 Kb4 53. Ra8 $18) 51... Kd5 52. h5 (52.
Kg3 $2 Rb3+ $1 53. Rxb3 a1=Q 54. Re3 $11) 52... Ke5 53. Ra4 $2 Rb4 $1 {Führt
zur Zersplitterung der weißen Bauern, wonach der Gewinn bereits problematisch
wird.} 54. Ra5+ Kf4 55. Rxa2 Kxg4 56. Ra5 {Wo ist der klare Gewinn?} ({Auch} 
56. h6 Rb6 (56... Rb7 57. Ra1 Kg5 58. Rh1 $18) 57. h7 Rh6 58. Ra7 Kf4 59. Rf7+
Kg5 60. Kg3 Rh1 61. Ra7 Kf5 {sieht alles andere als einfach aus. Die Umgehung
der schwarzen Stellung, etwa so} 62. f3 Kg5 63. Kf2 Kf5 64. Ke3 Rh4 65. Rb7 Ke5
66. f4+ Kf5 67. Ra7 Rh3+ 68. Kd4 Kxf4 {führt zu nichts.}) 56... Rb6 57. f3+ Kh4
58. Kf2 $1 ({Vermeidet die teuflische Pattfalle} 58. Rf5 Rb5 $3 $11) 58... Re6
59. h6 $2 (59. Rd5 $1 Ra6 (59... Kh3 60. Rd1 Kh4 61. Rh1+ Kg5 62. h6 $1 Rxh6
63. Rxh6 Kxh6 64. Ke3 Kg5 65. Ke4 Kf6 66. Kf4 $18) 60. Re5 Rb6 (60... Ra3 61.
h6 Ra6 62. Re1 $18) 61. Ke3 Rb3+ (61... Kg3 62. Rg5+ Kh4 63. Rf5 Kg3 64. Kd4
Kh4 65. Ke5 Rc6 66. f4 Ra6 67. Rg5 Rb6 68. Kf5 Ra6 69. h6 $1 (69. Rg1 Ra5+ $1
$11) 69... Ra5+ (69... Rxh6 70. Rg4+ Kh3 71. Rg6 Rh5+ 72. Kf6 Ra5 73. f5 $18))
62. Ke4 Rb4+ 63. Kd5 $18) 59... Rxh6 60. Ke3 Rf6 61. f4 Rb6 62. Ke4 Rb4+ 63.
Kf5 Rb8 64. Kg6 Kg4 $4 (64... Rb6+ 65. Kf5 Rb8 $11 ({oder} 65... Kh5 66. Re5
Ra6 67. Re1 Ra5+ 68. Re5 Ra1 69. Kf6+ Kh6 $11 {Der Verteidigerturm auf der
"langen" Seite!})) 65. f5 Rg8+ 66. Kf7 Rg5 67. Ke6 Kh5 68. Ra1 Rg2 69. Ra8 $2 (
69. Rf1 $1 {[%cal Rf5f6]}) (69. Rh1+ $5 Kg5 70. Rf1 $1) (69. f6 $2 Kg6 70. Re1
Ra2 71. Rg1+ Kh7 $11) 69... Kh6 $2 (69... Rb2 70. f6 $140 Rb6+ {und den
altbekannten Schachs von der langen Seite.}) 70. f6 Re2+ (70... Rb2 71. f7 $18)
71. Kf7 Kh7 (71... Rb2 72. Rh8+ Kg5 73. Kg7 $18) 72. Ra1 $1 Rh2 73. Rd1 $5 (73.
Rg1 $1) (73. Rf1 $1) 73... Rh3 74. Re1 Rh2 75. Ke7 Kg6 76. Rg1+ Kh7 77. f7 Re2+
78. Kf8 Rh2 79. Re1 (79. Rf1 $1 {[%cal Rf8e7]} Re2 80. Rh1+ Kg6 81. Kg8 $18) ({
oder} 79. Rg7+ Kh8 (79... Kh6 80. Kg8 $18) 80. Rg8+ Kh7 81. Ke7 Re2+ 82. Kd6
Rd2+ 83. Kc5 Rf2 {Vorsicht - Falle!} 84. f8=R $3 (84. f8=Q $4 Rc2+ 85. Kb4 Rb2+
86. Ka3 Ra2+ {Dauerschach bzw. Patt})) 79... Rf2 (79... Ra2 80. Rh1+ Kg6 81.
Kg8 $18) 80. Ke8 Kg7 81. Rg1+ Kh7 82. f8=Q {Pattstellung, die nicht genutzt
werden kann} Rxf8+ ({wegen} 82... Re2+ 83. Qe7+) 83. Kxf8 Kh6 84. Kf7 Kh5 85.
Rg8 Kh4 86. Kf6 1-0

[Event "World Cup of Rapid Chess KO"]
[Site "Cannes"]
[Date "2001.03.24"]
[Round "2.2"]
[White "Kasparov, Garry"]
[Black "Grischuk, Alexander"]
[Result "1/2-1/2"]
[WhiteElo "2849"]
[BlackElo "2663"]
[Annotator "Golod,V"]
[PlyCount "116"]
[EventDate "2001.03.24"]
[EventType "k.o. (rapid)"]
[EventRounds "3"]
[EventCountry "FRA"]
[SourceTitle "CBM 082"]
[Source "ChessBase"]
[SourceDate "2001.05.17"]
[SourceVersion "1"]
[SourceVersionDate "2001.05.17"]
[SourceQuality "1"]

1. e4 c5 2. Nf3 Nc6 3. d4 cxd4 4. Nxd4 Nf6 5. Nc3 e6 6. Ndb5 Bb4 7. a3 Bxc3+ 8.
Nxc3 d5 9. exd5 {It's main line.} (9. Bd3 $5 {See comments to Ponomariov,
R-Kortschnoj,V/Donetsk,2001/ CBM 81(1/2-1/2) (Golod,V)(63)}) 9... exd5 10. Bd3
O-O 11. O-O d4 $1 {It's best move.} 12. Ne2 $5 (12. Ne4 {Nowadays- 12.Ne4 is
not actual.See comments to Leko,P-Timman,J/Wijk aan Zee,2001/CBM 81(1/2-1/2)
(Golod,V)(52)}) 12... Bg4 $5 {Shipov makes the following comments in "Club
Kasparov":"Black provoke white on a move f2-f3,which will weaken a point e3.At
a case, the black bishop passes on g6".} (12... Re8 $5 {See comments to Bosch,
J-Janssen,R/Wijk aan Zee,1999/CBM 69(1/2-1/2)(Golod,V) (37) Besides,12...Qd5;
12...a6;12...h6;12...Ng4;12...Qd6;and 12...Qb6-was checked in the previous
games.}) 13. Bg5 Qd6 14. Re1 $5 {[%mdl 4]} (14. Qd2 $5 {You can see comments
to Leko,P-Grischuk,A/Linares,2001/CBM 82(1/2-1/2)   (Golod,V)(48)}) 14... Rfe8
{This move,undoubtedly,is better,than:} (14... a5 15. Qd2 Nd5 16. h3 Bxe2 17.
Bxe2 $14 {Mainka,R-Stein,B/Dortmund,1987(1-0)(34)}) (14... h6 15. Bf4 Qd5 16.
Qd2 Rfe8 17. f3 Bf5 18. Ng3 Bxd3 19. Qxd3 $14 {Schlosser,M-Stein,B/Budapest,
1987(1/2-1/2)(31)}) ({or} 14... Rad8 15. Qd2 Ne5 16. Ng3 Rfe8 17. Qf4 Nxd3 18.
Rxe8+ Nxe8 19. Qxg4 Ne5 20. Qe4 $14 {Gurevich,V-Mashinskaya,I/Koszalin,1999 (1/
2-1/2)(42)}) 15. Qd2 ({Does not give advantage:} 15. f3 Bh5 16. Qd2 (16. Nf4 h6
17. Nxh5 hxg5 18. Nxf6+ Qxf6 19. Qd2 Ne5 20. Re4 {1/2-1/2 Short,N-Chandler,M/
Hastings,1987(20)}) 16... Bg6 $1 17. Qf4 Qxf4 18. Nxf4 Bxd3 19. Nxd3 Nd5 $11 {
Krakops,M-Luckans,A/Riga,1998/Inf 72/(184) (Berzinsh,R) (19)}) ({and also:} 15.
Bxf6 Qxf6 16. Qd2 Bf5 17. Ng3 Bxd3 18. Qxd3 Qg6 19. Qxg6 hxg6 {+/=/= Feher,
G-Abdul Rahim,S/Eger,1992 (1/2-1/2)(47)}) 15... Bxe2 $1 (15... Rac8 $143 16.
Ng3 (16. Qf4 $5) 16... Ne5 17. Bf4 Nh5 $6 (17... Qc5 $5) 18. Re4 $1 {[%csl Gd2,
Rd4,Rg4][%cal Ge4d4,Gf4e5]} Nxg3 19. Bxg3 f5 20. Rxe5 {1/2-1/2 Mikhalchishin,
A-Guseinov,A/Baku 1983/MCL (20)} (20. Rxe5 Rxe5 21. h3 Bh5 $140 22. Bxf5 $16))
(15... Rad8 $6 16. Qf4 Qxf4 17. Nxf4 Re5 18. Bxf6 gxf6 19. Re4 $14 {Trygstad,
K-Luckans,A/Herculane,1994(1-0) (52)}) (15... Bh5 $6 16. b4 (16. Nf4 $5) 16...
Rad8 17. Rad1 a6 18. f3 Bg6 $11 {Grachev,B-Karaev,M/Serpukhov,1999(1/2-1/2)(32)
}) 16. Bf4 $5 $146 {[%mdl 8] The important intermediate move.} ({Was checked
in the previous games:} 16. Rxe2 Rxe2 17. Qxe2 Re8 18. Qf3 Ne5 (18... Nd5 $6 {
Berzinsh,R} 19. Bd2 $14) 19. Qf4 (19. Qxb7 {Berzinsh,R} Nxd3 20. cxd3 (20. Bxf6
$143 Nxf2) 20... Ng4 21. g3 h6 22. Bf4 Qe6 $44) 19... Nfd7 (19... Qb6 $5 20.
Bxf6 Nxd3 21. Qxd4 (21. Qg3 Qxf6 22. Qxd3 Qb6 $11 {Kudrin,S-Rogers,I/London,
1988(1/2-1/2)(33)}) 21... Qxf6 22. Qxf6 gxf6 23. cxd3 Re2 24. Rb1 Rd2 $44 {
Dworakowska,J-Ptacnikova,L/Istanbul,2000(0-1)(56)}) 20. Qe4 Qg6 $8 {You can
see comments to Berzinsh,R-Luckans,A/Latvia,1998/Inf72/184 (1-0(Berzinsh,R)(44)
}) 16... Qd7 17. Rxe2 (17. Bxe2 $5 {[%cal Ge2f3] From my point of view,this
move brings white at least slight advantage:} Ne4 18. Qd3 Nc5 (18... Rac8 19.
Rad1) 19. Qc4 $14) 17... Rxe2 18. Qxe2 ({Now a slightly worse is:} 18. Bxe2 {
because of:} Ne4 19. Qd3 Nc5 20. Qc4 Re8 21. Bf3 Qf5 22. Bg3 $140 Ne5 23. Bxe5
Qxe5 24. h3 d3 $1 $11) 18... Re8 {Black occupy a <->e.} 19. Qf1 Qe6 20. h3 {
+/=/=} h6 {Both contenders are engaged in preventive measures.} 21. Rd1 Nd5 22.
Bg3 Nf6 23. Bf4 {Sometimes it is desirable to repeat the moves.} Nd5 24. Bd2
Ne3 $1 {[%mdl 64] Brilliant tactical resource!} 25. fxe3 dxe3 26. Qe2 ({
Leads to equal pawns endgame:} 26. Re1 exd2 $8 27. Rxe6 Rxe6 {[%cal Ge6e1]} 28.
Be2 (28. Kh2 $2 Re1 29. Qf5 g6 (29... d1=Q $4 30. Qc8+ {[%csl Gd3,Rg8]}) 30.
Qc8+ Kg7 31. Be2 Rxe2 32. Qd7 Ne5 33. Qd4 g5 $17 {[%csl Gd2][%cal Gf7f6]})
28... Nd4 29. Kf2 Rxe2+ (29... Nxe2 $143 30. Qd1 Nd4 31. Qxd2 Re2+ 32. Qxe2
Nxe2 33. Kxe2) 30. Qxe2 Nxe2 31. Kxe2 Kf8 32. Kxd2 Ke7 $11) 26... exd2 27. Qxe6
Rxe6 28. Rxd2 {[%mdl 4096] Now white has a slight positional advantage in
endgame, at the expense of presence of the bishop.} Kf8 {The king in endgame
should be closer to the centre.} 29. Bc4 {<->d} Re7 30. Kf2 {+/=/=} Rc7 {
[%cal Gf8e7]} 31. Be2 Ke7 32. c3 Ne5 {[%csl Ye5] Hardly white it will be
possible to take essential benefits from the rule position.} 33. Rd4 Rc6 34. a4
Rb6 $5 35. b4 $140 Rc6 {[%csl Rc3]} 36. Re4 f6 37. c4 b6 {Grischuk has
constructed an impenetrable fortress.} 38. Ke3 Rd6 $6 (38... Rc7 $142) 39. c5
$1 {Attempt to move from a dead point leads to simplification of a position,
but all the same leaves to white chances of a win.} bxc5 40. bxc5 Rd5 {[%csl
Rc5]} 41. Rb4 $8 {[%csl Ra7,Re7][%cal Gb4b7]} Rxc5 42. Rb7+ Kd6 43. Rxa7 ({
A much worse is:} 43. Rxg7 Ra5 44. Bb5 a6 $11) 43... Rc3+ 44. Kf2 g5 45. Ra6+ (
{Can be recommended:} 45. a5 $5 $14 {[%csl Ye2][%cal Ga5a6]}) 45... Rc6 46. Ke3
Rxa6 47. Bxa6 f5 48. Bc8 $2 {Decisive mistake.It is necessary:} (48. Be2 $5 Kc5
49. a5 {with small chance to a win.}) 48... Nc4+ $1 49. Kf3 Nb6 {[%csl Ra4,Rc8]
Now drawn game is inevitable.} 50. Bxf5 Nxa4 $11 51. Kg4 Ke5 52. Bc2 Nc5 53.
Kh5 Kf6 54. Kxh6 Ne6 55. g3 Nd4 56. Bd3 Nf3 57. Be2 Ne5 58. Kh5 Ng6 1/2-1/2

[Event "World Cup of Rapid Chess KO"]
[Site "Cannes"]
[Date "2001.03.24"]
[Round "2.3"]
[White "Kasparov, Garry"]
[Black "Grischuk, Alexander"]
[Result "1-0"]
[WhiteElo "2849"]
[BlackElo "2663"]
[Annotator "Wedberg,T"]
[PlyCount "85"]
[EventDate "2001.03.24"]
[EventType "k.o. (rapid)"]
[EventRounds "3"]
[EventCountry "FRA"]
[SourceTitle "CBM 082"]
[Source "ChessBase"]
[SourceDate "2001.05.17"]
[SourceVersion "1"]
[SourceVersionDate "2001.05.17"]
[SourceQuality "1"]

{[%mdl 4] Kasparovs play in this game is well worth studying. He follows the
classical two-step plan of first closing the Q-side and then attacking on the
K-side.} 1. e4 e5 2. Nf3 Nc6 3. Bb5 a6 4. Ba4 Nf6 5. O-O Be7 6. Re1 b5 7. Bb3
d6 8. c3 O-O 9. h3 Na5 10. Bc2 c5 11. d4 Bb7 12. d5 Nc4 13. a4 Nb6 14. b3 Bc8
15. Qe2 {White gains time by attacking b5. But as we shall see Kasparov does
not want to start an offensive on the Q-side. His idea is the opposite - to
close it and turn his attention to the other side of the board.} ({Playing on
the Q-side with} 15. Na3 {has been quite popular recently} Ne8 (15... Bd7 16.
Be3 Qc7 (16... Qb8 17. Kh1 g6 18. a5 Nc8 19. b4 c4 {1/2-1/2 Lanka,Z-Romanishin,
O/Linz 1997/CBM 59/[Hansen,LB] (115)}) 17. Nd2 g6 18. axb5 axb5 19. Bd3 Rfb8
20. Qe2 b4 21. cxb4 cxb4 22. Nc2 Rxa1 23. Rxa1 Nc8 24. Nc4 $14 {>< b4; Xie Jun
- Maric,A/Erevan OL/1996/}) 16. Bd2 Bd7 17. axb5 axb5 18. Qe2 $14 {0-1
Galliamova,A-Xie Jun/Kazan/Shenyang 1999/CBM 73/[Wedberg] (60)}) ({
Transferring the N to the K-side is standard procedure in the spanish.} 15.
Nbd2 g6 16. Qe2 (16. Nf1 $6 bxa4 17. bxa4 a5 18. Ne3 Ba6 $132 {0-1 Zamostni,
J-Romanishin,O/Pula 1994/EXT 97 (38) The Q-side is not closed, Black has
counterpaly.}) (16. Bd3 Bd7 17. a5 Nc8 18. Nf1 Nh5 19. Bh6 Re8 20. Qd2 Bf6 21.
b4 c4 22. Bb1 (22. Bc2 Kh8 23. Ng3 Rg8 $13 {1/2-1/2 Kuczynski,R-Romanishin,O/
Polanica Zdroj 1992/CBM 31 (33)}) 22... Bg7 23. Ng3 Bxh6 24. Qxh6 Nf6 25. Rf1
Qe7 26. Nh2 $14 {1/2-1/2 Wang Zili-Romanishin,O/Manila 1992/TD (44)}) 16... Bd7
17. a5 Nc8 18. Nf1 Nh5 19. Bh6 Re8 20. Ng3 Bf8 21. Qd2 Nxg3 22. fxg3 Bxh6 23.
Qxh6 $14 {1-0 Hellers,F-Hansen,L/Hinnerup 1995/EXT 99 (43)}) 15... Bd7 16. c4
$5 $146 {[%mdl 8] One point of Kasparovs move-order (Qe2 before Nbd2) is that
Nb1 might go to c3 if Black decides to exchange on c4 or a4.} (16. Be3 {allows}
bxa4 $5 (16... g6 17. axb5 {This exchange is clearly in Black's interest.} axb5
18. Rxa8 (18. Na3 $5) 18... Nxa8 19. b4 c4 $11 {Almasi,Z-Hansen,LB/Tilburg/
1994/ (25)}) 17. bxa4 Qe8 18. a5 Bb5 $1 19. Bd3 Bxd3 20. Qxd3 Qb5 21. Qc2 Nc4
$132 {1/2-1/2 Anka,E-Romanishin,O/Balatonbereny 1995/CBM 50/[Hansen,LB] (74)})
16... b4 {Closing the Q-side might be forced, but it is also dangerous. White
has a space advantage and more mobile pieces. Black is left with very little
counterplay when White starts attacking on the K-side.} (16... bxc4 17. bxc4 a5
18. Nc3 $1 Ne8 19. Bd2 Nc7 20. Nb5 $16 {Black cannot go Na6-b4 due to the weak
a5-P.}) 17. Nbd2 g6 18. Nf1 Nh5 19. g4 $5 Nf4 (19... Ng7 20. Bh6 f5 $2 {
this just doesn't work} (20... f6 $142 $14) 21. exf5 gxf5 22. gxf5 Bxf5 23.
Nxe5 $1 dxe5 24. Bxg7 Kxg7 25. Qxe5+ $18) 20. Bxf4 exf4 21. Qd2 Bf6 22. e5 dxe5
23. Nxe5 Bg5 (23... Bxe5 {was the best chance for some counterplay.} 24. Rxe5
Qh4 $5 (24... Qf6 25. Rae1 Rae8 26. g5 Qxe5 27. Rxe5 Rxe5 28. Qxf4 $16) 25.
Qxf4 (25. Kh2 $2 Bxg4 $19) (25. Kg2 $2 f3+ $19) 25... f5 $132) 24. Nh2 a5 25.
Nhf3 Bh6 26. Rad1 {White's pieces are well coordinated and it's all systems go
against the black position. Black has little to be happy about in this
position.} Qf6 27. h4 Qd6 28. Ng5 Rae8 29. Nxd7 Nxd7 30. Ne4 Qb8 31. g5 Bg7 32.
d6 $1 {[%csl Gd5,Rf4][%cal Yd2f4,Yd2d5]} Be5 33. Qd5 Qb6 34. h5 $1 ({The
computer solution} 34. Nxc5 {is not as effective} Qxc5 35. Qxc5 Nxc5 36. d7
Nxd7 37. Rxd7 $16) 34... Re6 35. hxg6 hxg6 36. Nf6+ $1 Rxf6 (36... Nxf6 37.
gxf6 Bxf6 38. Rxe6 fxe6 39. Qxe6+ Kg7 40. Qe4 $18) 37. gxf6 Bxf6 38. Bxg6 Kg7
39. Bf5 Nb8 40. Qg2+ Kh6 41. Qh3+ Kg5 42. Qg4+ Kh6 43. Rd3 1-0

[Event "World Cup of Rapid Chess KO"]
[Site "Cannes"]
[Date "2001.03.24"]
[Round "2.4"]
[White "Grischuk, Alexander"]
[Black "Kasparov, Garry"]
[Result "0-1"]
[WhiteElo "2663"]
[BlackElo "2849"]
[Annotator "Ftacnik,L"]
[PlyCount "78"]
[EventDate "2001.03.24"]
[EventType "k.o. (rapid)"]
[EventRounds "3"]
[EventCountry "FRA"]
[SourceTitle "CBM 082"]
[Source "ChessBase"]
[SourceDate "2001.05.17"]
[SourceVersion "1"]
[SourceVersionDate "2001.05.17"]
[SourceQuality "1"]

1. e4 {Bangiev} c5 2. Nf3 d6 3. d4 cxd4 4. Nxd4 Nf6 5. Nc3 a6 6. f3 e6 7. Be3
b5 8. g4 Nfd7 {'!?' Bangiev. Bangiev: 'Ein merkwürdiger, seltener Zug, der
allerdings mit einem interessanten Plan verbunden ist. Schwarz versucht damit
den Springer auf b6 zu postieren, bevor Weiß dies mittels des Manövers Qd2-f2
verhindern könnte.'} 9. Qd2 Nb6 {'!' Bangiev.} 10. O-O-O N8d7 (10... b4 {
Bangiev Es ist zu früh.} 11. Nb1 $14) 11. Qf2 (11. Bd3 {Bangiev} Ne5 $5) 11...
Bb7 12. Bd3 Rc8 {Bangiev: 'Schwarz hat eine gute aktive Ausgangsposition
erreicht. Alle Leichtfiguren des Nachziehenden stehen zum Angriff am
Damenflügel bereit.'} (12... Ne5 $2 {Bangiev} 13. Nxe6 $1) 13. Nce2 Nc5 14. Kb1
Nba4 (14... d5 {Bangiev} 15. e5) (14... Be7 {Bangiev} 15. h4 d5 16. e5) (14...
Qc7 {Bangiev} 15. h4 e5 $6 16. Nb3 Nxd3 17. cxd3 Qc2+ 18. Ka1 Na4 19. Rd2 $14)
15. h4 Qc7 {'|^' Bangiev. Bangiev: '/\e5'} 16. Rc1 {'?!' Bangiev.} (16. Ng3 {
[%cal Gf2c2] Bangiev} e5 (16... Nxb2 {Bangiev} 17. Kxb2 Na4+ 18. Kc1 $13) (
16... Nxd3 {Bangiev} 17. cxd3) 17. Nb3 (17. Ndf5 {Bangiev} g6) 17... Nxb2 $5 (
17... d5 $13 {Bangiev}) 18. Kxb2 Na4+ 19. Kc1 d5 (19... Qc3 {Bangiev} 20. Ne2
Qb2+ 21. Kd2 d5 22. Ke1) 20. Ne2 (20. exd5 $2 {Bangiev} Qc3 (20... Ba3+ $5 {
Bangiev} 21. Kd2 Bb4+ $17) 21. d6 Bxd6 22. Bxb5+ axb5 23. Rxd6 Bxf3 $1 {/\Qb2}
24. Bd4 exd4 25. Qe1+ Kf8 26. Qxc3 Nxc3) 20... d4 21. Bd2 Ba3+ 22. Kb1) 16...
d5 {'!' Bangiev.} (16... e5 $5 {Bangiev}) 17. e5 {'?!' Bangiev.} (17. exd5 {
Bangiev} Bxd5 18. Nb3 {Durch die Vereinfachung der Stellung versucht man in
der Regel den gegnerischen Druck zu verringern.} Bd6 (18... Bxb3 {Bangiev} 19.
cxb3 Nb6 20. Rhd1) (18... Nxd3 {Bangiev} 19. cxd3) 19. Nxc5 Nxc5 20. h5 $132)
17... Qxe5 18. f4 $6 {Grischuk might have been ashamed to use the exposed
queen for the move repetition with a draw, but his brave attitude will bring
him only sorrow.} (18. Bf4 $1 Qf6 19. Bg5 Nxd3 (19... Qe5 {Bangiev} 20. Bf4 $11
) 20. cxd3 Qe5 (20... Qg6 $2 21. Rxc8+ Bxc8 22. Nf4 $18) 21. Bf4 $11) 18... Qd6
19. g5 Be7 20. h5 f5 {'-/+!' Bangiev.} (20... Nxd3 21. cxd3 Nc5 22. Rhd1 b4 $17
) (20... O-O 21. f5 e5 22. f6 exd4 23. fxe7 Qxe7 24. Nxd4 $40) 21. Nf3 $6 (21.
gxf6 Bxf6 $17) (21. Bxf5 exf5 22. Nxf5 Qd7 23. Nxg7+ Kf8 24. h6 d4 $17) 21...
Ne4 22. Bxe4 (22. Qe1 O-O $17) 22... dxe4 23. Ne5 Bd5 (23... Bxg5 $2 24. b3
Nc3+ 25. Nxc3 Rxc3 26. Rhd1 Qc7 (26... Bd5 27. Bd4 $14) (26... Qxe5 27. fxe5
Bxe3 28. Qg3 $16) 27. Rd7 $14) 24. Rh3 $6 (24. Bd4 $1 e3 25. Qxe3 Bxh1 26. Rxh1
Qd5 $15) (24. h6 {Bangiev} g6 25. Bd4) 24... Nxb2 $1 {[%mdl 128] '-+!' Bangiev.
The decisive small combination, white king has no chance to survive without
the proper pawn shelter.} 25. Bd4 (25. Kxb2 Qa3+ 26. Kb1 Qxa2#) 25... Na4 26.
h6 gxh6 27. g6 (27. Qh4 $5 Rf8 28. Qxh6 Qb4+ 29. Rb3 (29. Ka1 Bc5 $19) 29...
Qd2 30. Qh5+ Kd8 31. Be3 Qa5 32. Nf7+ Kc7 $17) 27... hxg6 28. Nxg6 Rg8 29. Nxe7
(29. Ne5 Qb4+ 30. Ka1 Rc3 $1 31. Bxc3 Qa3 $19) 29... Qxe7 30. Ka1 Kd7 31. Qe1 (
31. Rg3 Qb4 $19) 31... Rg2 32. Re3 Rc4 33. Be5 Qb4 34. Qh4 (34. Qxb4 Rxb4 35.
Rh1 Rf2 $19) 34... Rxe2 $1 {The position was ripe for a tactical solution, the
a2-square becomes indifensible.} 35. Rxe2 Qa3 36. Rg1 (36. Rb1 Rc3 37. Rb3 Rxb3
$19) 36... Rc3 $1 37. Rg7+ Kc6 38. Rc7+ Kb6 39. Bd4+ Kxc7 0-1